| 000 | 00000nam##2200000za#4500 |
| 001 | 9.580643 |
| 003 | CaOODSP |
| 005 | 20210624191134 |
| 007 | cr ||||||||||| |
| 008 | 150406|2014||||xxc|||||o f|0| 0 eng|d |
| 020 | |a978-1-100-24930-8 |
| 040 | |aCaOODSP|beng |
| 043 | |an-cn--- |
| 086 | 1 |aIu172-1/2010-1E-PDF |
| 110 | 1 |aCanada. |bIndustry Canada. |
| 245 | 10|aICT and total factor productivity growth : |h[electronic resource]|bintangible capital or productive externalities? / |c[by] Ram Acharya. |
| 260 | |aOttawa - Ontario : |bIndustry Canada |cc2014. |
| 300 | |a35p.|breferences, tables |
| 490 | 1 |aEconomic Research and Policy Analysis Branch working paper series|v2010-01 |
| 590 | |a15-11|b2015-03-13 |
| 775 | 08|tLes TIC et la croissance de la productivité totale des facteurs : |w(CaOODSP)9.607498 |
| 830 | #0|aEconomic Research and Policy Analysis Branch working paper series ;|v2010-01|w(CaOODSP)9.507626 |
| 856 | 40|ahttp://publications.gc.ca|qPDF|s836 KB|uhttps://publications.gc.ca/collections/collection_2015/ic/Iu172-1-2010-1-eng.pdf|y2010-01 |